Modernism and the art of Muslim South Asia / (Record no. 96481)

MARC details
000 -LEADER
fixed length control field 00958nam a22002537a 4500
005 - DATE AND TIME OF LATEST TRANSACTION
control field 20150915123623.0
010 ## - LCCN (DPL NO)
LC control number ENG-113910
020 ## - INTERNATIONAL STANDARD BOOK NUMBER
International Standard Book Number 9788121512404
Terms of availability 895.00
035 ## - SYSTEM CONTROL NUMBER
System control number EN-97442
037 ## - SOURCE OF ACQUISITION
Source of stock number/acquisition DBAD/PUB
082 ## - DEWEY DECIMAL CLASSIFICATION NUMBER
Classification number 704.0882970954
100 ## - MAIN ENTRY--PERSONAL NAME
Personal name Dadi,Iftikhar
245 ## - TITLE STATEMENT
Title Modernism and the art of Muslim South Asia /
Statement of responsibility, etc by Iftikhar Dadi
260 ## - PUBLICATION, DISTRIBUTION, ETC. (IMPRINT)
Place of publication, distribution, etc New Delhi
Name of publisher, distributor, etc Munshiram Manoharlal Publishers
Date of publication, distribution, etc 2012
270 ## - ADDRESS
Address PO Box 5715, 54 Rani Jhansi Road,
City New Delhi
Postal code 110055
300 ## - PHYSICAL DESCRIPTION
Extent xiv, 312 p., [24] p. of plates :
Dimensions 25cm(Hb)
Other physical details ill.(some col.)
500 ## - GENERAL NOTE
General note Includes bibliographical references and index.
650 ## - SUBJECT ADDED ENTRY--TOPICAL TERM
Topical term or geographic name as entry element Art, South Asian
Chronological subdivision 20th century.
650 ## - SUBJECT ADDED ENTRY--TOPICAL TERM
Topical term or geographic name as entry element Islamic art
Geographic subdivision South Asia.
650 ## - SUBJECT ADDED ENTRY--TOPICAL TERM
Topical term or geographic name as entry element Modernism (Aesthetics)
Geographic subdivision South Asia
General subdivision History
Chronological subdivision 20th century.
650 ## - SUBJECT ADDED ENTRY--TOPICAL TERM
Topical term or geographic name as entry element Transnationalism.
650 ## - SUBJECT ADDED ENTRY--TOPICAL TERM
Topical term or geographic name as entry element Art and society
Geographic subdivision South Asia
General subdivision History
Chronological subdivision 20th century.
942 ## - ADDED ENTRY ELEMENTS (KOHA)
Source of classification or shelving scheme Dewey Decimal Classification
Item type English Books
Call number suffix DAD
Classification part 704.0882970954
Holdings
Withdrawn status Lost status Not for loan Collection code Home library Current library Date acquired Source of acquisition Cost, normal purchase price Full call number Barcode Copy number Cost, replacement price Koha item type
    Not For Loan Non-fiction D.B.Act.Division D.B.Act.Division 26/08/2015 DBAD/PUB 895.00 704.0882970954 DAD EN-97442 1 895.00 English Books

© Delhi Public Library
Hit Counter
free hit counter